[Event "EYCC Open-U16 2019"]
[Site "Bratislava"]
[Date "2019.08.06"]
[Round "5.20"]
[White "Geher, Koppany"]
[Black "Niedbala, Bartlomiej"]
[Result "1/2-1/2"]
[WhiteElo "2211"]
[BlackElo "2152"]
[Annotator "NA"]
[PlyCount "42"]
[EventDate "2019.08.02"]
[EventType "swiss"]
[EventCountry "SVK"]
[SourceTitle "playchess.com"]
[Source "ChessBase"]
[SourceQuality "1"]
[TimeControl "40/5400+30:1800+30"]

1. e4 {[%emt 0:00:00]} g6 {[%emt 0:00:00]} 2. d4 {[%emt 0:00:00]} Bg7 {[%emt 0:00:00]} 3. Nf3 {[%emt 0:00:02]} d6 {[%emt 0:00:00]} 4. Nc3 {[%emt 0:00:11]} Nf6 {[%emt 0:02:24]} 5. Be2 {[%emt 0:00:12]} O-O {[%emt 0:00:54]} 6. O-O {[%emt 0:00:08]} a6 {[%emt 0:02:46]} 7. a4 {[%emt 0:00:51]} Nc6 {[%emt 0:02:13]} 8. h3 {[%emt 0:00:49]} d5 {[%emt 0:05:11]} 9. e5 {[%emt 0:16:55]} Ne4 {[%emt 0:01:37]} 10. Bd3 {[%emt 0:00:19]} Nxc3 {[%emt 0:18:03]} 11. bxc3 {[%emt 0:00:01]} f6 {[%emt 0:04:23]} 12. exf6 {[%emt 0:01:06]} exf6 {[%emt 0:03:33]} 13. Re1 {[%emt 0:03:07]} Re8 {[%emt 0:03:46]} 14. Rxe8+ {[%emt 0:00:43]} Qxe8 {[%emt 0:00:04]} 15. Bf4 {[%emt 0:00:07]} Qf7 {[%emt 0:00:45]} 16. Rb1 {[%emt 0:05:18]} Bf8 {[%emt 0:03:06]} 17. Qd2 {[%emt 0:12:20]} Na5 {[%emt 0:01:23]} 18. Qe2 {[%emt 0:01:43]} c6 {[%emt 0:07:33]} 19. Nd2 {[%emt 0:14:27]} b5 {[%emt 0:06:48]} 20. axb5 {[%emt 0:10:25]} axb5 {[%emt 0:02:39]} 21. Ra1 {[%emt 0:01:24]} Ra7 {[%emt 0:02:29]} 1/2-1/2

[Event "EYCC Open-U16 2019"]
[Site "Bratislava"]
[Date "2019.08.06"]
[Round "5.21"]
[White "Marn, Jan"]
[Black "Cohen Revivo, Shoham"]
[Result "0-1"]
[WhiteElo "2215"]
[BlackElo "2254"]
[Annotator "NA"]
[PlyCount "64"]
[EventDate "2019.08.02"]
[EventType "swiss"]
[EventCountry "SVK"]
[SourceTitle "playchess.com"]
[Source "ChessBase"]
[SourceQuality "1"]
[TimeControl "40/5400+30:1800+30"]

1. d4 {[%emt 0:00:00]} d5 {[%emt 0:00:00]} 2. c4 {[%emt 0:00:26]} c6 {[%emt 0:00:06]} 3. cxd5 {[%emt 0:00:05]} cxd5 {[%emt 0:00:05]} 4. Nc3 {[%emt 0:00:09]} Nf6 {[%emt 0:00:09]} 5. Bf4 {[%emt 0:00:05]} Nc6 {[%emt 0:00:04]} 6. e3 {[%emt 0:00:11]} Bg4 {[%emt 0:00:13]} 7. f3 {[%emt 0:01:35]} Bf5 {[%emt 0:01:13]} 8. Qb3 {[%emt 0:03:13]} Na5 {[%emt 0:00:08]} 9. Qa4+ {[%emt 0:00:19]} Bd7 {[%emt 0:00:11]} 10. Qc2 {[%emt 0:00:11]} e6 {[%emt 0:02:03]} 11. Bd3 {[%emt 0:00:21]} Rc8 {[%emt 0:02:59]} 12. Nge2 {[%emt 0:03:33]} Be7 {[%emt 0:00:54]} 13. b3 {[%emt 0:12:40]} b5 {[%emt 0:02:55]} 14. Qb2 {[%emt 0:02:13]} b4 {[%emt 0:00:52]} 15. Nd1 {[%emt 0:00:24]} O-O {[%emt 0:00:22]} 16. g4 {[%emt 0:01:30]} Qb6 {[%emt 0:06:07]} 17. h4 {[%emt 0:09:39]} Bb5 {[%emt 0:00:49]} 18. Bb1 {[%emt 0:00:14]} Bd6 {[%emt 0:06:23]} 19. g5 {[%emt 0:15:22]} Nh5 {[%emt 0:00:55]} 20. Bxd6 {[%emt 0:00:40]} Qxd6 {[%emt 0:00:05]} 21. f4 {[%emt 0:00:03]} g6 {[%emt 0:01:09]} 22. Rh3 {[%emt 0:04:25]} Nc6 {[%emt 0:06:21]} 23. Nf2 {[%emt 0:06:50]} Bxe2 {[%emt 0:04:50]} 24. Kxe2 {[%emt 0:00:12]} Nxf4+ {[%emt 0:03:08]} 25. exf4 {[%emt 0:00:48]} Qxf4 {[%emt 0:00:07]} 26. Qd2 {[%emt 0:05:02]} Nxd4+ {[%emt 0:00:33]} 27. Kd1 {[%emt 0:00:07]} Rc1+ {[%emt 0:04:08]} 28. Kxc1 {[%emt 0:01:23]} Ne2+ {[%emt 0:01:13]} 29. Kd1 {[%emt 0:00:24]} Qxf2 {[%emt 0:00:33]} 30. Re3 {[%emt 0:11:56]} Qg1+ {[%emt 0:01:41]} 31. Kc2 {[%emt 0:00:17]} Nc3 {[%emt 0:03:41]} 32. Kb2 {[%emt 0:00:25]} Nd1+ {[%emt 0:00:21]} 0-1

[Event "EYCC Open-U16 2019"]
[Site "Bratislava"]
[Date "2019.08.06"]
[Round "5.22"]
[White "Vorisek, Jakub"]
[Black "Bacrot, Alexandre"]
[Result "1-0"]
[WhiteElo "2071"]
[BlackElo "2265"]
[Annotator "NA"]
[PlyCount "49"]
[EventDate "2019.08.02"]
[EventType "swiss"]
[EventCountry "SVK"]
[SourceTitle "playchess.com"]
[Source "ChessBase"]
[SourceQuality "1"]
[TimeControl "40/5400+30:1800+30"]

1. e4 {[%emt 0:00:00]} e6 {[%emt 0:00:44]} 2. d4 {[%emt 0:01:07]} d5 {[%emt 0:00:09]} 3. Nd2 {[%emt 0:04:59]} Nf6 {[%emt 0:00:15]} 4. e5 {[%emt 0:00:20]} Nfd7 {[%emt 0:00:07]} 5. c3 {[%emt 0:00:28]} c5 {[%emt 0:00:05]} 6. Bd3 {[%emt 0:00:18]} Nc6 {[%emt 0:00:06]} 7. Ne2 {[%emt 0:00:34]} Qb6 {[%emt 0:09:48]} 8. Nf3 {[%emt 0:02:06]} h6 {[%emt 0:03:40]} 9. O-O {[%emt 0:08:19]} g5 {[%emt 0:00:12]} 10. h3 {[%emt 0:12:00]} Rg8 {[%emt 0:01:10]} 11. b3 {[%emt 0:12:02]} a5 {[%emt 0:08:53]} 12. Be3 {[%emt 0:12:59]} cxd4 {[%emt 0:09:40]} 13. cxd4 {[%emt 0:03:59]} Ba3 {[%emt 0:01:47]} 14. Nc3 {[%emt 0:04:14]} Be7 {[%emt 0:02:45]} 15. a4 {[%emt 0:02:45]} Na7 {[%emt 0:01:46]} 16. Nh2 {[%emt 0:11:41]} Bb4 {[%emt 0:07:01]} 17. Nb5 {[%emt 0:02:53]} Nxb5 {[%emt 0:01:59]} 18. Bxb5 {[%emt 0:00:06]} Ke7 {[%emt 0:00:41]} 19. Qh5 {[%emt 0:02:12]} Nf8 {[%emt 0:02:35]} 20. Qxh6 {[%emt 0:01:33]} Bd7 {[%emt 0:00:05]} 21. Bxg5+ {[%emt 0:02:43]} Ke8 {[%emt 0:00:07]} 22. Ng4 {[%emt 0:04:44]} Be7 {[%emt 0:00:11]} 23. Bxe7 {[%emt 0:00:21]} Kxe7 {[%emt 0:01:17]} 24. Qf6+ {[%emt 0:00:11]} Ke8 {[%emt 0:01:17]} 25. Nh6 {[%emt 0:00:14]} 1-0

[Event "EYCC Open-U16 2019"]
[Site "Bratislava"]
[Date "2019.08.06"]
[Round "5.23"]
[White "Iliaguev, Daniel"]
[Black "Peyrer, Konstantin"]
[Result "1/2-1/2"]
[WhiteElo "2053"]
[BlackElo "2305"]
[Annotator "NA"]
[PlyCount "70"]
[EventDate "2019.08.02"]
[EventType "swiss"]
[EventCountry "SVK"]
[SourceTitle "playchess.com"]
[Source "ChessBase"]
[SourceQuality "1"]
[TimeControl "40/5400+30:1800+30"]

1. Nf3 {[%emt 0:00:00]} Nf6 {[%emt 0:00:00]} 2. g3 {[%emt 0:00:00]} g6 {[%emt 0:00:00]} 3. Bg2 {[%emt 0:00:00]} Bg7 {[%emt 0:00:00]} 4. O-O {[%emt 0:00:00]} O-O {[%emt 0:00:00]} 5. d4 {[%emt 0:00:08]} d6 {[%emt 0:00:00]} 6. b3 {[%emt 0:00:07]} c5 {[%emt 0:01:20]} 7. Bb2 {[%emt 0:01:42]} Nc6 {[%emt 0:00:41]} 8. c4 {[%emt 0:14:02]} d5 {[%emt 0:08:03]} 9. Nbd2 {[%emt 0:01:42]} dxc4 {[%emt 0:16:47]} 10. Nxc4 {[%emt 0:00:40]} Be6 {[%emt 0:00:11]} 11. Rc1 {[%emt 0:04:34]} Ne4 {[%emt 0:13:32]} 12. Nfe5 {[%emt 0:21:13]} Nxe5 {[%emt 0:00:39]} 13. dxe5 {[%emt 0:00:07]} Bxc4 {[%emt 0:01:41]} 14. Bxe4 {[%emt 0:04:11]} Ba6 {[%emt 0:01:21]} 15. Rxc5 {[%emt 0:06:11]} Qb6 {[%emt 0:01:19]} 16. Rc2 {[%emt 0:01:15]} Rfd8 {[%emt 0:07:49]} 17. Qc1 {[%emt 0:08:10]} Qe6 {[%emt 0:03:25]} 18. Qf4 {[%emt 0:05:33]} Rac8 {[%emt 0:02:33]} 19. Rxc8 {[%emt 0:05:24]} Rxc8 {[%emt 0:00:43]} 20. Qf3 {[%emt 0:03:16]} Qb6 {[%emt 0:01:29]} 21. Rd1 {[%emt 0:01:43]} Rd8 {[%emt 0:03:19]} 22. Rxd8+ {[%emt 0:00:16]} Qxd8 {[%emt 0:00:07]} 23. Bd3 {[%emt 0:00:02]} Qa5 {[%emt 0:00:21]} 24. Bxa6 {[%emt 0:01:41]} Qxa6 {[%emt 0:00:12]} 25. a4 {[%emt 0:01:30]} e6 {[%emt 0:05:31]} 26. Qd3 {[%emt 0:02:13]} Qa5 {[%emt 0:00:18]} 27. Qc3 {[%emt 0:01:42]} Qxc3 {[%emt 0:02:14]} 28. Bxc3 {[%emt 0:00:02]} Kf8 {[%emt 0:00:27]} 29. Kg2 {[%emt 0:01:39]} Ke8 {[%emt 0:00:24]} 30. Kf3 {[%emt 0:01:03]} Kd7 {[%emt 0:00:17]} 31. Ke4 {[%emt 0:00:08]} Bf8 {[%emt 0:00:09]} 32. Bd4 {[%emt 0:02:42]} b6 {[%emt 0:03:37]} 33. Kd3 {[%emt 0:01:40]} Kc6 {[%emt 0:01:08]} 34. e4 {[%emt 0:00:11]} Bb4 {[%emt 0:01:49]} 35. f4 {[%emt 0:02:23]} a6 {[%emt 0:00:39]} 1/2-1/2

[Event "EYCC Open-U16 2019"]
[Site "Bratislava"]
[Date "2019.08.06"]
[Round "5.24"]
[White "Ongut, Tamas Gunes"]
[Black "Kazmin, Semen"]
[Result "1/2-1/2"]
[WhiteElo "2158"]
[BlackElo "2193"]
[Annotator "NA"]
[PlyCount "66"]
[EventDate "2019.08.02"]
[EventType "swiss"]
[EventCountry "SVK"]
[SourceTitle "playchess.com"]
[Source "ChessBase"]
[SourceQuality "1"]
[TimeControl "40/5400+30:1800+30"]

1. Nf3 {[%emt 0:02:21]} d5 {[%emt 0:01:01]} 2. g3 {[%emt 0:00:08]} Nc6 {[%emt 0:00:05]} 3. d4 {[%emt 0:00:05]} Bf5 {[%emt 0:00:07]} 4. Bg2 {[%emt 0:00:06]} Nb4 {[%emt 0:01:20]} 5. Na3 {[%emt 0:00:07]} e6 {[%emt 0:00:19]} 6. O-O {[%emt 0:01:58]} c5 {[%emt 0:03:46]} 7. c4 {[%emt 0:07:47]} Nf6 {[%emt 0:04:19]} 8. Ne5 {[%emt 0:12:59]} Nc6 {[%emt 0:14:57]} 9. Qa4 {[%emt 0:07:48]} Be7 {[%emt 0:08:46]} 10. cxd5 {[%emt 0:04:04]} exd5 {[%emt 0:00:57]} 11. Nxc6 {[%emt 0:02:33]} Qd7 {[%emt 0:02:29]} 12. Nxe7 {[%emt 0:00:56]} Qxa4 {[%emt 0:00:05]} 13. Nxf5 {[%emt 0:00:05]} O-O {[%emt 0:00:35]} 14. dxc5 {[%emt 0:03:35]} Rfe8 {[%emt 0:09:09]} 15. Nd6 {[%emt 0:06:46]} Rxe2 {[%emt 0:06:46]} 16. Nab5 {[%emt 0:00:41]} Qb4 {[%emt 0:06:19]} 17. Nc3 {[%emt 0:05:53]} Re7 {[%emt 0:04:14]} 18. Bf4 {[%emt 0:23:15]} d4 {[%emt 0:06:30]} 19. Ncb5 {[%emt 0:04:20]} Qxc5 {[%emt 0:08:36]} 20. Rad1 {[%emt 0:04:13]} Nh5 {[%emt 0:03:36]} 21. Rxd4 {[%emt 0:06:41]} Nxf4 {[%emt 0:00:47]} 22. Rxf4 {[%emt 0:00:16]} a6 {[%emt 0:01:30]} 23. Rc4 {[%emt 0:00:58]} Qxc4 {[%emt 0:00:47]} 24. Nxc4 {[%emt 0:00:06]} axb5 {[%emt 0:00:02]} 25. Ne3 {[%emt 0:01:33]} Rxa2 {[%emt 0:00:51]} 26. Nd5 {[%emt 0:00:01]} Re8 {[%emt 0:01:25]} 27. b4 {[%emt 0:00:34]} Rb2 {[%emt 0:00:32]} 28. Rc1 {[%emt 0:00:21]} h6 {[%emt 0:00:59]} 29. Bf3 {[%emt 0:00:19]} Ra8 {[%emt 0:01:34]} 30. Bg2 {[%emt 0:03:28]} g6 {[%emt 0:02:11]} 31. h4 {[%emt 0:00:23]} Kg7 {[%emt 0:00:30]} 32. Bf3 {[%emt 0:00:06]} Raa2 {[%emt 0:00:29]} 33. Rf1 {[%emt 0:00:06]} Ra3 {[%emt 0:01:47]} 1/2-1/2

[Event "EYCC Open-U16 2019"]
[Site "Bratislava"]
[Date "2019.08.06"]
[Round "5.25"]
[White "Olsen, Filip Boe"]
[Black "Fuglestein, Sander"]
[Result "1-0"]
[WhiteElo "2383"]
[BlackElo "1997"]
[Annotator "NA"]
[PlyCount "91"]
[EventDate "2019.08.02"]
[EventType "swiss"]
[EventCountry "SVK"]
[SourceTitle "playchess.com"]
[Source "ChessBase"]
[SourceQuality "1"]
[TimeControl "40/5400+30:1800+30"]

1. d4 {[%emt 0:00:00]} Nf6 {[%emt 0:00:00]} 2. c4 {[%emt 0:00:00]} e6 {[%emt 0:00:00]} 3. g3 {[%emt 0:00:05]} d5 {[%emt 0:00:43]} 4. Nf3 {[%emt 0:00:08]} Be7 {[%emt 0:00:35]} 5. Bg2 {[%emt 0:00:19]} O-O {[%emt 0:00:07]} 6. Qc2 {[%emt 0:00:27]} Nbd7 {[%emt 0:00:58]} 7. O-O {[%emt 0:00:14]} c6 {[%emt 0:00:36]} 8. b3 {[%emt 0:00:38]} b6 {[%emt 0:00:28]} 9. Rd1 {[%emt 0:00:12]} Bb7 {[%emt 0:02:30]} 10. Nc3 {[%emt 0:01:14]} Qc8 {[%emt 0:01:13]} 11. e4 {[%emt 0:11:57]} dxe4 {[%emt 0:04:47]} 12. Ng5 {[%emt 0:02:34]} h6 {[%emt 0:11:34]} 13. Ngxe4 {[%emt 0:00:15]} Rd8 {[%emt 0:02:10]} 14. Bf4 {[%emt 0:02:27]} Nxe4 {[%emt 0:01:25]} 15. Nxe4 {[%emt 0:03:01]} Nf6 {[%emt 0:03:25]} 16. c5 Nxe4 {[%emt 0:04:16]} 17. Bxe4 {[%emt 0:04:35]} Rd7 {[%emt 0:19:29]} 18. b4 {[%emt 0:05:18]} b5 {[%emt 0:10:06]} 19. a4 {[%emt 0:01:54]} a6 {[%emt 0:01:02]} 20. Qb3 {[%emt 0:04:26]} Qd8 {[%emt 0:03:19]} 21. Be5 {[%emt 0:01:49]} Bf6 {[%emt 0:14:48]} 22. Qf3 {[%emt 0:05:36]} Rc8 {[%emt 0:01:06]} 23. Bc2 {[%emt 0:05:10]} Rd5 {[%emt 0:07:26]} 24. Qe4 {[%emt 0:01:50]} g6 {[%emt 0:02:28]} 25. Bb3 {[%emt 0:01:34]} Rd7 {[%emt 0:00:36]} 26. h4 {[%emt 0:00:42]} h5 {[%emt 0:01:52]} 27. Bd6 {[%emt 0:02:28]} Rxd6 {[%emt 0:02:23]} 28. cxd6 {[%emt 0:00:12]} Qxd6 {[%emt 0:00:03]} 29. axb5 {[%emt 0:00:56]} axb5 {[%emt 0:00:20]} 30. Rd3 {[%emt 0:02:34]} Rc7 {[%emt 0:01:43]} 31. Rc1 {[%emt 0:01:13]} Rd7 {[%emt 0:01:35]} 32. Rc5 {[%emt 0:06:29]} Bxd4 {[%emt 0:01:48]} 33. Kf1 {[%emt 0:01:20]} Kg7 {[%emt 0:00:50]} 34. f4 {[%emt 0:01:01]} Bxc5 {[%emt 0:00:47]} 35. Rxd6 {[%emt 0:00:17]} Bxd6 {[%emt 0:00:01]} 36. Qd4+ {[%emt 0:01:35]} Kf8 {[%emt 0:00:51]} 37. Qf6 {[%emt 0:04:14]} Ke8 {[%emt 0:00:37]} 38. f5 {[%emt 0:00:52]} gxf5 {[%emt 0:00:27]} 39. Qh8+ {[%emt 0:00:21]} Bf8 {[%emt 0:00:30]} 40. Qxh5 {[%emt 0:00:00]} Bxb4 {[%emt 0:00:00]} 41. Bxe6 {[%emt 0:00:48]} Rc7 {[%emt 0:05:03]} 42. Qh8+ {[%emt 0:00:38]} Ke7 {[%emt 0:01:16]} 43. Bxf7 {[%emt 0:00:31]} Rc8 {[%emt 0:04:29]} 44. Qg7 {[%emt 0:01:25]} Bc3 {[%emt 0:00:31]} 45. Qxc3 {[%emt 0:01:17]} Kxf7 {[%emt 0:00:01]} 46. Qc5 {[%emt 0:01:28]} 1-0

[Event "EYCC Open-U16 2019"]
[Site "Bratislava"]
[Date "2019.08.06"]
[Round "5.26"]
[White "Svane, Frederik"]
[Black "Minko, Dmitry"]
[Result "1-0"]
[WhiteElo "2334"]
[BlackElo "2061"]
[Annotator "NA"]
[PlyCount "77"]
[EventDate "2019.08.02"]
[EventType "swiss"]
[EventCountry "SVK"]
[SourceTitle "playchess.com"]
[Source "ChessBase"]
[SourceQuality "1"]
[TimeControl "40/5400+30:1800+30"]

1. e4 {[%emt 0:00:00]} e5 {[%emt 0:00:00]} 2. Nf3 {[%emt 0:00:00]} Nc6 {[%emt 0:00:00]} 3. d4 {[%emt 0:00:01]} exd4 {[%emt 0:00:17]} 4. Nxd4 {[%emt 0:00:07]} Bc5 {[%emt 0:00:24]} 5. Nb3 {[%emt 0:00:07]} Bb6 {[%emt 0:00:39]} 6. Nc3 {[%emt 0:00:07]} Nf6 {[%emt 0:00:06]} 7. Qe2 {[%emt 0:00:07]} O-O {[%emt 0:00:39]} 8. Be3 {[%emt 0:00:23]} Re8 {[%emt 0:00:06]} 9. f3 {[%emt 0:00:06]} d5 {[%emt 0:00:14]} 10. O-O-O {[%emt 0:00:08]} d4 {[%emt 0:00:06]} 11. Kb1 {[%emt 0:00:05]} Be6 {[%emt 0:15:02]} 12. Na4 {[%emt 0:00:52]} Bxb3 {[%emt 0:01:04]} 13. cxb3 {[%emt 0:00:08]} Qd6 {[%emt 0:06:29]} 14. Bf2 {[%emt 0:05:02]} Rad8 {[%emt 0:07:19]} 15. Nxb6 {[%emt 0:00:53]} axb6 {[%emt 0:12:45]} 16. Qd2 {[%emt 0:02:13]} Nh5 {[%emt 0:15:48]} 17. Bb5 {[%emt 0:22:20]} d3 {[%emt 0:11:07]} 18. g4 {[%emt 0:16:45]} Nf6 {[%emt 0:05:41]} 19. Bg3 {[%emt 0:16:30]} Qc5 {[%emt 0:04:34]} 20. Bxd3 {[%emt 0:01:48]} Rd7 {[%emt 0:13:00]} 21. Qc3 {[%emt 0:05:12]} Nd4 {[%emt 0:00:34]} 22. e5 {[%emt 0:05:27]} Nd5 {[%emt 0:01:37]} 23. Qxd4 {[%emt 0:00:37]} Qxd4 {[%emt 0:00:05]} 24. Bxh7+ {[%emt 0:00:07]} Kxh7 {[%emt 0:00:08]} 25. Rxd4 {[%emt 0:00:04]} c5 {[%emt 0:00:50]} 26. Rd3 {[%emt 0:02:55]} Red8 {[%emt 0:01:02]} 27. Kc1 {[%emt 0:00:05]} Nb4 {[%emt 0:01:14]} 28. Rxd7 {[%emt 0:00:05]} Rxd7 {[%emt 0:00:05]} 29. a3 {[%emt 0:00:04]} Nc6 {[%emt 0:00:09]} 30. Rd1 {[%emt 0:06:01]} Nd4 {[%emt 0:01:33]} 31. Rd3 {[%emt 0:02:08]} Re7 {[%emt 0:00:54]} 32. Kd2 {[%emt 0:02:22]} Kg6 {[%emt 0:00:45]} 33. f4 {[%emt 0:04:55]} f5 {[%emt 0:00:37]} 34. h3 {[%emt 0:01:45]} Kf7 {[%emt 0:01:21]} 35. Bf2 {[%emt 0:00:34]} Ne6 {[%emt 0:00:18]} 36. gxf5 {[%emt 0:02:24]} Nxf4 {[%emt 0:00:01]} 37. e6+ {[%emt 0:00:07]} Ke8 {[%emt 0:01:14]} 38. Rd6 {[%emt 0:00:04]} g6 {[%emt 0:00:09]} 39. Bh4 {[%emt 0:00:23]} 1-0

[Event "EYCC Open-U16 2019"]
[Site "Bratislava"]
[Date "2019.08.06"]
[Round "5.27"]
[White "Placer, Sebastian"]
[Black "Sorensen, Hampus"]
[Result "0-1"]
[WhiteElo "2040"]
[BlackElo "2352"]
[Annotator "NA"]
[PlyCount "94"]
[EventDate "2019.08.02"]
[EventType "swiss"]
[EventCountry "SVK"]
[SourceTitle "playchess.com"]
[Source "ChessBase"]
[SourceQuality "1"]
[TimeControl "40/5400+30:1800+30"]

1. d4 {[%emt 0:00:00]} d5 {[%emt 0:00:00]} 2. c4 c6 {[%emt 0:00:04]} 3. Nc3 {[%emt 0:00:43]} Nf6 {[%emt 0:00:22]} 4. Nf3 {[%emt 0:00:36]} e6 {[%emt 0:00:11]} 5. e3 {[%emt 0:00:44]} a6 {[%emt 0:00:50]} 6. c5 {[%emt 0:02:17]} Nbd7 {[%emt 0:15:13]} 7. Qc2 {[%emt 0:01:19]} g6 {[%emt 0:01:48]} 8. Be2 {[%emt 0:00:41]} Bg7 {[%emt 0:00:24]} 9. O-O {[%emt 0:02:10]} O-O {[%emt 0:00:09]} 10. Bd2 {[%emt 0:04:14]} Qc7 {[%emt 0:06:10]} 11. Rfc1 {[%emt 0:03:39]} e5 {[%emt 0:03:07]} 12. b4 {[%emt 0:07:38]} e4 {[%emt 0:03:26]} 13. Ne1 {[%emt 0:00:06]} h5 {[%emt 0:02:38]} 14. f3 {[%emt 0:11:09]} exf3 {[%emt 0:00:51]} 15. Nxf3 {[%emt 0:00:12]} Re8 {[%emt 0:03:01]} 16. Bd3 {[%emt 0:06:30]} Ng4 {[%emt 0:03:08]} 17. Re1 {[%emt 0:02:20]} f5 {[%emt 0:01:58]} 18. h3 {[%emt 0:09:15]} Nh6 {[%emt 0:01:57]} 19. Ne2 {[%emt 0:05:49]} Nf7 {[%emt 0:10:42]} 20. Nf4 {[%emt 0:07:07]} Nf8 {[%emt 0:00:12]} 21. a4 {[%emt 0:04:55]} Bf6 {[%emt 0:17:31]} 22. b5 {[%emt 0:05:06]} h4 {[%emt 0:01:04]} 23. bxa6 {[%emt 0:05:12]} bxa6 {[%emt 0:00:12]} 24. a5 {[%emt 0:02:30]} Bd8 {[%emt 0:01:13]} 25. Ne2 {[%emt 0:08:07]} Nh7 {[%emt 0:02:31]} 26. Rab1 {[%emt 0:01:25]} Nhg5 {[%emt 0:00:30]} 27. Nxg5 {[%emt 0:01:32]} Nxg5 {[%emt 0:00:25]} 28. Nf4 {[%emt 0:00:43]} Kh7 {[%emt 0:02:46]} 29. Rf1 {[%emt 0:01:33]} Ne4 {[%emt 0:00:23]} 30. Bxe4 {[%emt 0:01:54]} Rxe4 {[%emt 0:00:56]} 31. Qd1 {[%emt 0:01:03]} Ra7 {[%emt 0:03:38]} 32. Qf3 {[%emt 0:01:34]} Qg7 {[%emt 0:06:35]} 33. Rb8 {[%emt 0:02:27]} Rc7 {[%emt 0:00:07]} 34. Rb6 {[%emt 0:00:41]} Kg8 {[%emt 0:01:57]} 35. Nd3 {[%emt 0:00:30]} Bf6 {[%emt 0:01:51]} 36. Nb4 {[%emt 0:00:37]} Bb7 {[%emt 0:06:41]} 37. Nxa6 {[%emt 0:00:35]} Rf7 {[%emt 0:00:01]} 38. Nb4 {[%emt 0:01:18]} f4 {[%emt 0:00:09]} 39. exf4 {[%emt 0:00:36]} Bxd4+ {[%emt 0:00:17]} 40. Kh1 {[%emt 0:00:00]} Bxc5 {[%emt 0:00:00]} 41. Rxb7 {[%emt 0:06:08]} Rxb7 {[%emt 0:00:59]} 42. Nxc6 {[%emt 0:00:04]} Rc7 {[%emt 0:02:13]} 43. Bc3 {[%emt 0:03:11]} Qd7 {[%emt 0:02:05]} 44. Ne5 {[%emt 0:00:43]} Qf5 {[%emt 0:00:29]} 45. Ng4 {[%emt 0:04:27]} Kf8 {[%emt 0:01:19]} 46. Nf6 {[%emt 0:04:46]} Re3 {[%emt 0:01:56]} 47. Qxd5 {[%emt 0:00:07]} Rxh3+ {[%emt 0:00:34]} 0-1

[Event "EYCC Open-U16 2019"]
[Site "Bratislava"]
[Date "2019.08.06"]
[Round "5.28"]
[White "Nagy, Ladislav"]
[Black "Degraeve, Remy"]
[Result "0-1"]
[WhiteElo "2061"]
[BlackElo "2349"]
[Annotator "NA"]
[PlyCount "74"]
[EventDate "2019.08.02"]
[EventType "swiss"]
[EventCountry "SVK"]
[SourceTitle "playchess.com"]
[Source "ChessBase"]
[SourceQuality "1"]
[TimeControl "40/5400+30:1800+30"]

1. e4 {[%emt 0:00:00]} c5 {[%emt 0:00:00]} 2. Nc3 {[%emt 0:00:55]} g6 {[%emt 0:00:39]} 3. g3 {[%emt 0:00:38]} Bg7 {[%emt 0:00:13]} 4. Bg2 {[%emt 0:00:27]} Nc6 {[%emt 0:00:08]} 5. d3 {[%emt 0:00:39]} e6 {[%emt 0:01:36]} 6. f4 {[%emt 0:01:15]} Nge7 {[%emt 0:01:35]} 7. Nf3 {[%emt 0:01:26]} O-O {[%emt 0:01:34]} 8. O-O {[%emt 0:01:39]} d6 {[%emt 0:07:11]} 9. Be3 {[%emt 0:01:40]} Nd4 {[%emt 0:03:26]} 10. e5 {[%emt 0:02:21]} Nef5 {[%emt 0:01:54]} 11. Bf2 {[%emt 0:01:04]} Nxf3+ {[%emt 0:03:36]} 12. Qxf3 {[%emt 0:01:18]} Nd4 {[%emt 0:01:58]} 13. Qd1 {[%emt 0:01:16]} dxe5 {[%emt 0:29:10]} 14. fxe5 {[%emt 0:01:40]} Rb8 {[%emt 0:01:51]} 15. Ne4 {[%emt 0:10:15]} b6 {[%emt 0:01:06]} 16. c3 {[%emt 0:02:03]} Nf5 {[%emt 0:00:36]} 17. g4 {[%emt 0:08:08]} Nh4 {[%emt 0:03:05]} 18. Bxh4 {[%emt 0:06:42]} Qxh4 {[%emt 0:00:09]} 19. Nf6+ {[%emt 0:08:36]} Bxf6 {[%emt 0:00:05]} 20. Rxf6 {[%emt 0:01:54]} Bb7 {[%emt 0:01:16]} 21. Bxb7 {[%emt 0:06:21]} Rxb7 {[%emt 0:00:03]} 22. Qf3 {[%emt 0:01:30]} Rd7 {[%emt 0:00:04]} 23. Rf1 {[%emt 0:01:30]} Qg5 {[%emt 0:01:32]} 24. Qg3 {[%emt 0:11:27]} Rd5 {[%emt 0:04:25]} 25. Re1 {[%emt 0:02:33]} Qd2 {[%emt 0:00:55]} 26. Rf3 {[%emt 0:02:13]} Qxb2 {[%emt 0:03:57]} 27. Qh4 {[%emt 0:03:12]} Qxc3 {[%emt 0:00:11]} 28. Rh3 {[%emt 0:01:26]} h5 {[%emt 0:01:58]} 29. gxh5 {[%emt 0:01:38]} Rxd3 {[%emt 0:03:31]} 30. Rxd3 {[%emt 0:05:54]} Qxd3 {[%emt 0:00:02]} 31. Re4 {[%emt 0:01:26]} Qd1+ {[%emt 0:00:24]} 32. Kf2 {[%emt 0:00:55]} Rd8 {[%emt 0:03:04]} 33. hxg6 {[%emt 0:01:15]} Rd2+ {[%emt 0:00:06]} 34. Kg3 {[%emt 0:00:43]} Rd3+ {[%emt 0:00:08]} 35. Kf4 {[%emt 0:01:09]} Qf3+ {[%emt 0:00:05]} 36. Kg5 {[%emt 0:00:11]} Qf5+ {[%emt 0:00:05]} 37. Kh6 {[%emt 0:00:04]} Qxg6# {[%emt 0:00:04]} 0-1